Estadísticas para Banderas de Regiones Españolas

Haz click aquí para intentar la prueba.

Estadísticas generales

  • Esta prueba ha sido intentada 88 veces
  • La puntuación promedio es 14 de 17

Estadísticas de respuestas

Respuesta% Correcto
Cataluña
96%
País Vasco
95%
Andalucía
94%
Castilla y León
90%
Galicia
90%
Islas Canarias
90%
Madrid
88%
Aragón
87%
Valencia
86%
Asturias
83%
Murcia
82%
Extremadura
81%
Castilla La Mancha
79%
Islas Baleares
77%
La Rioja
76%
Cantabria
73%
Navarra
71%

Distribución de puntuación

Porcentaje por número respondido

Porcentaje de gente con cada puntuación

Historial de tus puntuaciones

No has intentado esta prueba.